[Event "77 España ch 2012"]
[Site "Maspalomas ESP"]
[Date "2012.09.30"]
[Round "2.6"]
[White "Alsina Leal, Daniel"]
[Black "Martin Hernandez, Ruben"]
[Result "1-0"]
[WhiteElo "2528"]
[BlackElo "2171"]
[PlyCount "134"]
[EventDate "2012.09.29"]
[EventType "swiss"]
[EventRounds "9"]
[EventCountry "ESP"]
[Source "lmi"]
[SourceDate "2012.09.29"]

1. e4 c5 2. Nf3 e6 3. d4 cxd4 4. Nxd4 Nc6 5. Nc3 Qc7 6. Be2 a6 7. O-O Nf6 8.
Be3 Bb4 9. Na4 O-O 10. c4 Bd6 11. g3 Nxe4 12. c5 Be5 13. Nf3 d5 14. Nxe5 Nxe5
15. f3 Nf6 16. Nb6 Rb8 17. f4 Nc6 18. Bd3 d4 19. Bd2 Ne7 20. Qc2 Bd7 21. a4 Nc8
22. Nxd7 Qxd7 23. b4 Ne7 24. b5 axb5 25. axb5 Nfd5 26. Bxh7+ Kh8 27. Bd3 Rfc8
28. Rfc1 Nf5 29. c6 bxc6 30. bxc6 Qd6 31. Qc5 Qxc5 32. Rxc5 Nfe7 33. Rac1 Rb6
34. c7 Rb7 35. Ba5 Ra7 36. R1c4 g6 37. Kf2 Kg7 38. Kf3 Rca8 39. Bd2 Rc8 40. Ba5
Rca8 41. Be1 Rc8 42. Bf2 Raxc7 43. Bxd4+ f6 44. Rxc7 Rxc7 45. Ra4 Rb7 46. Ra3
Rc7 47. h4 Nf5 48. Bf2 Rc3 49. Ra7+ Rc7 50. Ra3 Rc3 51. Rxc3 Nxc3 52. g4 Ne7
53. Bc5 Ncd5 54. Bb5 Kf7 55. Ba3 Nc3 56. Bd3 Ncd5 57. Bc4 f5 58. g5 Nb6 59. Ba2
Ned5 60. Bd6 Nc3 61. Bb3 Nbd5 62. Be5 Ne4 63. Ke2 Ng3+ 64. Kf3 Ne4 65. Bc2 Nec3
66. Kf2 Ne4+ 67. Ke2 Ng3+ 1-0

[Event "77 España ch 2012"]
[Site "Maspalomas ESP"]
[Date "2012.09.30"]
[Round "2.7"]
[White "Trujillo Alvarado, Ivan"]
[Black "Romero Holmes, Alfonso"]
[Result "1/2-1/2"]
[WhiteElo "2151"]
[BlackElo "2508"]
[PlyCount "110"]
[EventDate "2012.09.29"]
[EventType "swiss"]
[EventRounds "9"]
[EventCountry "ESP"]
[Source "lmi"]
[SourceDate "2012.09.29"]

1. d4 d6 2. g3 e5 3. Bg2 exd4 4. Qxd4 Nc6 5. Qd1 g6 6. Nf3 Bg7 7. c3 Nge7 8.
Nbd2 O-O 9. O-O Be6 10. e4 h6 11. h3 Qd7 12. Kh2 d5 13. Qe2 d4 14. cxd4 Nxd4
15. Nxd4 Qxd4 16. f4 Rad8 17. e5 b6 18. Nf3 Qd3 19. Rf2 Qxe2 20. Rxe2 Rd1 21.
b4 Rfd8 22. a3 R8d3 23. Rd2 R3xd2 24. Nxd2 f6 25. Bf3 Re1 26. Bb2 Rxa1 27. Bxa1
fxe5 28. fxe5 g5 29. Ne4 Bf5 30. Nf6+ Kf7 31. Nd5 Nxd5 32. Bxd5+ Be6 33. Be4
Bf8 34. g4 c5 35. Bc3 Be7 36. Kg3 Bc4 37. Bf5 cxb4 38. axb4 Bd8 39. Kf3 a5 40.
bxa5 bxa5 41. Bc2 Bd5+ 42. Kg3 Bc4 43. Kf3 Ke6 44. Bf5+ Kf7 45. Bc2 Bb6 46. Kg3
Bc7 47. Kf3 Bd5+ 48. Kf2 Ke6 49. Bf5+ Ke7 50. Bc2 Bc6 51. Bf5 Ba4 52. Kf3 Bb3
53. Ke4 Kf7 54. Bd7 Be6 55. Bc6 Bb6 1/2-1/2

[Event "77 España ch 2012"]
[Site "Maspalomas ESP"]
[Date "2012.09.30"]
[Round "2.8"]
[White "Larino Nieto, David"]
[Black "Menvielle Laccourreye, Augusto"]
[Result "1-0"]
[WhiteElo "2487"]
[BlackElo "2133"]
[PlyCount "55"]
[EventDate "2012.09.29"]
[EventType "swiss"]
[EventRounds "9"]
[EventCountry "ESP"]
[Source "lmi"]
[SourceDate "2012.09.29"]

1. b3 d5 2. Bb2 e6 3. g3 Nf6 4. Bg2 Be7 5. f4 c5 6. Nf3 Nc6 7. O-O O-O 8. e3 b6
9. d3 Bb7 10. h3 Nd7 11. e4 d4 12. Nbd2 Qc7 13. a3 b5 14. h4 Nb6 15. Ng5 h6 16.
Qh5 Nd7 17. e5 hxg5 18. hxg5 Ncxe5 19. Bxb7 Qxb7 20. fxe5 Qd5 21. Rae1 Nxe5 22.
Rf2 Nd7 23. Rh2 f6 24. Qh7+ Kf7 25. g6+ Ke8 26. Qxg7 f5 27. Rh8 Kd8 28. Qxf8+
1-0

[Event "77 España ch 2012"]
[Site "Maspalomas ESP"]
[Date "2012.09.30"]
[Round "2.9"]
[White "Vega Gutierrez, Sabrina"]
[Black "Henriquez Garcia, David"]
[Result "1-0"]
[WhiteElo "2364"]
[BlackElo "1993"]
[PlyCount "43"]
[EventDate "2012.09.29"]
[EventType "swiss"]
[EventRounds "9"]
[EventCountry "ESP"]
[Source "lmi"]
[SourceDate "2012.09.29"]

1. e4 c5 2. d3 d5 3. Nd2 Nc6 4. Ngf3 e6 5. g3 Nf6 6. Bg2 Be7 7. O-O O-O 8. Re1
dxe4 9. dxe4 e5 10. c3 Be6 11. Qe2 Rc8 12. Nc4 Qc7 13. Nh4 Nd7 14. Nf5 Bxf5 15.
exf5 f6 16. Bd5+ Kh8 17. Qh5 Rfd8 18. Re4 Nf8 19. Bf7 Bd6 20. Rg4 Ne7 21. Bh6
Nxf5 22. Qxf5 1-0

[Event "77 España ch 2012"]
[Site "Maspalomas ESP"]
[Date "2012.09.30"]
[Round "2.10"]
[White "Suarez Gomez, Julio"]
[Black "Todorcevic Antic, Miodrag"]
[Result "0-1"]
[WhiteElo "2065"]
[BlackElo "2420"]
[PlyCount "102"]
[EventDate "2012.09.29"]
[EventType "swiss"]
[EventRounds "9"]
[EventCountry "ESP"]
[Source "lmi"]
[SourceDate "2012.09.29"]

1. e4 g6 2. d4 Bg7 3. Nc3 d6 4. Be3 c6 5. Qd2 Nd7 6. f3 b5 7. Nh3 Nb6 8. Nf2
Nf6 9. a4 Nc4 10. Bxc4 bxc4 11. O-O O-O 12. Rab1 Rb8 13. Bh6 e5 14. Bxg7 Kxg7
15. Rfd1 Qe7 16. dxe5 dxe5 17. Qd6 Qxd6 18. Rxd6 Bd7 19. Nfd1 Rb7 20. Ne3 Ne8
21. Rd2 Be6 22. Rd8 Nf6 23. Rd6 Rc8 24. Kf1 Rb4 25. Ke1 Ne8 26. Rd2 Rcb8 27.
Ned1 a5 28. Ra1 Kf8 29. Ra3 Ke7 30. Na2 R4b7 31. c3 Nc7 32. Nc1 Na6 33. Ra2 Nc5
34. Ra1 f5 35. exf5 gxf5 36. Re2 Kf6 37. g3 Bd5 38. Kf2 h5 39. Rd2 Ne6 40. Ra2
Ng5 41. h4 Ne6 42. Ne3 f4 43. Nxd5+ cxd5 44. Ne2 fxg3+ 45. Kxg3 Rg7+ 46. Kf2
Rbg8 47. Ra1 Rg2+ 48. Kf1 Nf4 49. Nxf4 Rxd2 50. Nxh5+ Kf5 51. Re1 Rh2 0-1

[Event "77 España ch 2012"]
[Site "Maspalomas ESP"]
[Date "2012.09.30"]
[Round "2.11"]
[White "Ortega Hermida, Daniel"]
[Black "Cruz Pino, Adrian"]
[Result "1-0"]
[WhiteElo "2392"]
[BlackElo "2008"]
[PlyCount "93"]
[EventDate "2012.09.29"]
[EventType "swiss"]
[EventRounds "9"]
[EventCountry "ESP"]
[Source "lmi"]
[SourceDate "2012.09.29"]

1. d4 Nf6 2. c4 g6 3. Nc3 d5 4. cxd5 Nxd5 5. e4 Nxc3 6. bxc3 Bg7 7. Nf3 c5 8.
Rb1 O-O 9. Be2 Qa5 10. O-O Qxa2 11. Bg5 Qe6 12. Re1 Nd7 13. Qa4 cxd4 14. cxd4
Nb6 15. Qa3 f6 16. Bh4 Qd6 17. Qa5 Be6 18. Bg3 Qd7 19. Bb5 Qd8 20. Rec1 Nd7 21.
Bc7 Qe8 22. d5 Bg4 23. Nd4 a6 24. Bf1 Ne5 25. Rxb7 Bc8 26. Rb4 Bh6 27. Rd1 Nf7
28. Be2 Nd6 29. Nc6 Bf4 30. g3 Be5 31. Rc1 Nf7 32. f4 Bd6 33. Rb3 e5 34. fxe5
Bxe5 35. Nxe5 Nxe5 36. Qc3 Bh3 37. Rb7 Bc8 38. Rb6 Qa4 39. Rxf6 Rxf6 40. Bxe5
Rf7 41. Bc4 Qe8 42. Bf4 a5 43. e5 Ba6 44. e6 Rf5 45. d6 Rc5 46. Bh6 Ra7 47. e7+
1-0

[Event "77 España ch 2012"]
[Site "Maspalomas ESP"]
[Date "2012.09.30"]
[Round "2.12"]
[White "Navarro Molina, David"]
[Black "Cuenca Jimenez, Jose Fernando"]
[Result "1/2-1/2"]
[WhiteElo "2122"]
[BlackElo "2487"]
[PlyCount "120"]
[EventDate "2012.09.29"]
[EventType "swiss"]
[EventRounds "9"]
[EventCountry "ESP"]
[Source "lmi"]
[SourceDate "2012.09.29"]

1. d4 Nf6 2. c4 c5 3. d5 b5 4. cxb5 a6 5. bxa6 g6 6. Nc3 Bxa6 7. g3 d6 8. Bg2
Bg7 9. Nf3 Nfd7 10. Rb1 Nb6 11. Nd2 Bb7 12. Qc2 O-O 13. O-O N8d7 14. e4 Ba6 15.
Rd1 Ne5 16. Nf3 Nxf3+ 17. Bxf3 Nc4 18. b3 Ne5 19. Bg2 Qa5 20. a4 Bd3 21. Rxd3
Nxd3 22. Qxd3 Qxc3 23. Bf1 f5 24. Bg5 Qxd3 25. Bxd3 fxe4 26. Bxe4 Bd4 27. Rf1
Rxf2 28. Rxf2 Rf8 29. Bf4 g5 30. Kg2 Bxf2 31. Bxg5 Bd4 32. Bd3 Rf2+ 33. Kh3 Kf7
34. Bc4 Ra2 35. Bf4 Kf6 36. Bd3 Be5 37. Be3 h5 38. Bc4 Bd4 39. Bf4 Be5 40. Be3
Kf7 41. Bg5 Bd4 42. Bf4 Bg1 43. g4 hxg4+ 44. Kxg4 Bxh2 45. Bxh2 Rxh2 46. a5 Kf6
47. Kf4 Rh4+ 48. Kg3 Rh8 49. Kf4 Rd8 50. Ke4 Kg5 51. a6 Rb8 52. Kd3 Kf4 53. Kc3
Ke5 54. Bf1 e6 55. dxe6 Kxe6 56. Kc4 Rb4+ 57. Kc3 Rb8 58. Kc4 Rg8 59. Kb5 Rb8+
60. Kc6 Ke5 1/2-1/2

[Event "77 España ch 2012"]
[Site "Maspalomas ESP"]
[Date "2012.09.30"]
[Round "2.13"]
[White "Munoz Pantoja, Miguel"]
[Black "Perez Aleman, Pedro Tomas"]
[Result "1-0"]
[WhiteElo "2476"]
[BlackElo "2110"]
[PlyCount "85"]
[EventDate "2012.09.29"]
[EventType "swiss"]
[EventRounds "9"]
[EventCountry "ESP"]
[Source "lmi"]
[SourceDate "2012.09.29"]

1. e4 e5 2. Nf3 Nc6 3. Bb5 a6 4. Ba4 Nf6 5. Bxc6 dxc6 6. d3 Nd7 7. Be3 c5 8.
O-O Bd6 9. c3 O-O 10. d4 Re8 11. dxe5 Nxe5 12. Nxe5 Rxe5 13. Nd2 Re8 14. f4 f6
15. Qh5 b6 16. e5 Bb7 17. Nc4 g6 18. Qg4 fxe5 19. f5 Qd7 20. Rad1 Kh8 21. Nxd6
cxd6 22. Qh4 Rg8 23. Qf6+ Qg7 24. fxg6 Qxf6 25. Rxf6 Rxg6 26. Rxg6 hxg6 27.
Rxd6 Be4 28. Rxb6 Rd8 29. Rxa6 Rd1+ 30. Kf2 c4 31. Ra5 Rb1 32. Rb5 Kg7 33. a4
Kf6 34. a5 Ra1 35. Rb6+ Kf5 36. a6 Bd3 37. Kg3 Be4 38. h3 g5 39. Rd6 Ra2 40.
Rb6 Bc2 41. Bc5 Ra1 42. Rd6 Rd1 43. Rxd1 1-0

[Event "77 España ch 2012"]
[Site "Maspalomas ESP"]
[Date "2012.09.30"]
[Round "2.14"]
[White "Rodriguez Melian, Jose Luis"]
[Black "Forcen Esteban, Daniel"]
[Result "0-1"]
[WhiteElo "2088"]
[BlackElo "2469"]
[PlyCount "84"]
[EventDate "2012.09.29"]
[EventType "swiss"]
[EventRounds "9"]
[EventCountry "ESP"]
[Source "lmi"]
[SourceDate "2012.09.29"]

1. d4 Nf6 2. c4 c5 3. d5 e6 4. Nc3 exd5 5. cxd5 d6 6. Nf3 g6 7. g3 Bg7 8. Bg2
O-O 9. O-O a6 10. a4 Re8 11. Nd2 Nbd7 12. Nc4 Ne5 13. Nxe5 Rxe5 14. e4 Re8 15.
Qc2 Rb8 16. Rb1 b5 17. axb5 axb5 18. b4 c4 19. h3 Nd7 20. Kh2 Ne5 21. Be3 Bd7
22. Ne2 Ra8 23. Bd4 Nd3 24. Bxg7 Kxg7 25. Nc1 Nxc1 26. Qxc1 f5 27. f3 Qf6 28.
Re1 fxe4 29. fxe4 Ra2 30. Rf1 Qe5 31. Qe3 Qxe4 32. Qc3+ Re5 33. Rb2 Rxb2 34.
Qxb2 Qe2 35. Qd4 Qe3 36. Qh4 g5 37. Qh5 Bf5 38. Ra1 Bg6 39. Qg4 Rf5 40. Ra6 c3
41. Rxd6 c2 42. Rd7+ Rf7 0-1

[Event "77 España ch 2012"]
[Site "Maspalomas ESP"]
[Date "2012.09.30"]
[Round "2.15"]
[White "Recuero Guerra, David"]
[Black "Lopez Colon, Francisco"]
[Result "1-0"]
[WhiteElo "2450"]
[BlackElo "2093"]
[PlyCount "79"]
[EventDate "2012.09.29"]
[EventType "swiss"]
[EventRounds "9"]
[EventCountry "ESP"]
[Source "lmi"]
[SourceDate "2012.09.29"]

1. e4 g6 2. d4 Bg7 3. Bc4 c6 4. Qf3 e6 5. Ne2 d5 6. Bb3 dxe4 7. Qxe4 Nf6 8. Qh4
Nd5 9. Qxd8+ Kxd8 10. c4 Nb4 11. O-O c5 12. Rd1 cxd4 13. Nxd4 Ke7 14. Nc3 Bd7
15. Bg5+ f6 16. Be3 N8a6 17. Ndb5 b6 18. a3 Nc6 19. Ba2 Ne5 20. Nd6 Ng4 21. Bf4
g5 22. Bc1 Rhd8 23. h3 Bc6 24. hxg4 Rxd6 25. Rxd6 Kxd6 26. b4 Nc7 27. Be3 Ke7
28. b5 Bd7 29. a4 Ke8 30. Rc1 h6 31. c5 bxc5 32. Bxc5 e5 33. f3 Be6 34. Bb1 Bf8
35. Ne4 Nd5 36. Bxf8 Kxf8 37. Rc6 Kf7 38. Ba2 Nf4 39. Bxe6+ Nxe6 40. Ra6 1-0

[Event "77 España ch 2012"]
[Site "Maspalomas ESP"]
[Date "2012.09.30"]
[Round "2.16"]
[White "Gonzalez De La Torre, Santiago"]
[Black "Rodriguez Garcia, Antonio Jose"]
[Result "1-0"]
[WhiteElo "2442"]
[BlackElo "2087"]
[PlyCount "46"]
[EventDate "2012.09.29"]
[EventType "swiss"]
[EventRounds "9"]
[EventCountry "ESP"]
[Source "lmi"]
[SourceDate "2012.09.29"]

1. d4 d5 2. c4 e6 3. Nc3 c6 4. Nf3 f5 5. Bf4 Nf6 6. e3 Be7 7. Bd3 O-O 8. Qc2
Ne4 9. g4 fxg4 10. Bxe4 dxe4 11. Ne5 Nd7 12. O-O-O Qa5 13. Kb1 Bf6 14. Qxe4
Bxe5 15. Bxe5 Nxe5 16. dxe5 Rf5 17. Qxg4 Qxe5 18. Rd8+ Rf8 19. Qh4 Rxd8 20.
Qxd8+ Kf7 21. Rd1 Qf6 22. Qc7+ Kg6 23. Rg1+ Kh5 1-0

[Event "77 España ch 2012"]
[Site "Maspalomas ESP"]
[Date "2012.09.30"]
[Round "2.17"]
[White "Camacho Collados, Marcos"]
[Black "Alonso Valiente, Alexis"]
[Result "1-0"]
[WhiteElo "2436"]
[BlackElo "2049"]
[PlyCount "59"]
[EventDate "2012.09.29"]
[EventType "swiss"]
[EventRounds "9"]
[EventCountry "ESP"]
[Source "lmi"]
[SourceDate "2012.09.29"]

1. c4 Nf6 2. Nc3 e6 3. g3 d5 4. cxd5 exd5 5. d4 c6 6. Bg2 Bd6 7. Nf3 O-O 8. O-O
h6 9. Bf4 Bxf4 10. gxf4 Nh5 11. e3 Bg4 12. h3 Bxf3 13. Bxf3 Nf6 14. Kh2 Qe7 15.
Rh1 Na6 16. a3 Nc7 17. Qc2 a6 18. Na4 Nb5 19. Nc5 Nd6 20. b4 Rfe8 21. Rag1 Nfe4
22. a4 f5 23. Rg6 Qh4 24. Bxe4 Nxe4 25. Rhg1 Re7 26. Nd3 Rd8 27. R1g2 Rd6 28.
Ne5 Qh5 29. f3 Nf6 30. Qc5 1-0

[Event "77 España ch 2012"]
[Site "Maspalomas ESP"]
[Date "2012.09.30"]
[Round "2.18"]
[White "Garrido Dominguez, Jesus"]
[Black "Morales Quintero, Jose Miguel"]
[Result "1-0"]
[WhiteElo "2396"]
[BlackElo "2012"]
[PlyCount "55"]
[EventDate "2012.09.29"]
[EventType "swiss"]
[EventRounds "9"]
[EventCountry "ESP"]
[Source "lmi"]
[SourceDate "2012.09.29"]

1. e4 d6 2. d4 Nf6 3. Nc3 g6 4. Bg5 c6 5. Qd2 b5 6. f3 Nbd7 7. Nge2 Nb6 8. a4
b4 9. Nd1 a5 10. b3 Bg7 11. Bh6 Bxh6 12. Qxh6 Qc7 13. Rc1 Be6 14. Nf4 Qa7 15.
c4 c5 16. dxc5 dxc5 17. Nd5 Nbd7 18. Nb2 Rc8 19. Bd3 Qb8 20. f4 Ng4 21. Qh4
Ndf6 22. O-O Qb7 23. h3 Bxd5 24. exd5 Ne3 25. Rfe1 Nfxd5 26. cxd5 Nxd5 27. Qh6
Rd8 28. Bb5+ 1-0

[Event "77 España ch 2012"]
[Site "Maspalomas ESP"]
[Date "2012.09.30"]
[Round "2.19"]
[White "Garcia Caballero, Luis"]
[Black "Camarena Gimenez, Rufino"]
[Result "0-1"]
[WhiteElo "2034"]
[BlackElo "2393"]
[PlyCount "48"]
[EventDate "2012.09.29"]
[EventType "swiss"]
[EventRounds "9"]
[EventCountry "ESP"]
[Source "lmi"]
[SourceDate "2012.09.29"]

1. e4 e6 2. d4 d5 3. Nc3 Nf6 4. e5 Nfd7 5. f4 c5 6. Nf3 Nc6 7. Be3 Be7 8. Qd2
O-O 9. Nd1 cxd4 10. Bxd4 Nxd4 11. Nxd4 Qb6 12. c3 f6 13. Nf3 fxe5 14. fxe5 Rxf3
15. gxf3 Bh4+ 16. Nf2 Nxe5 17. Qe2 Nd3+ 18. Qxd3 Qxf2+ 19. Kd1 Qe1+ 20. Kc2
Qxa1 21. Kb3 Qe1 22. Rg1 Bd7 23. Qd4 Bf6 24. Qxf6 Qd1+ 0-1

[Event "77 España ch 2012"]
[Site "Maspalomas ESP"]
[Date "2012.09.30"]
[Round "2.20"]
[White "Gonzalez Intelangelo, Gerardo"]
[Black "Lopez Gracia, Fernando"]
[Result "1/2-1/2"]
[WhiteElo "2010"]
[BlackElo "2382"]
[PlyCount "81"]
[EventDate "2012.09.29"]
[EventType "swiss"]
[EventRounds "9"]
[EventCountry "ESP"]
[Source "lmi"]
[SourceDate "2012.09.29"]

1. c4 Nf6 2. g3 e6 3. Bg2 d5 4. Nf3 dxc4 5. Na3 Bxa3 6. Qa4+ b5 7. Qxa3 Bb7 8.
O-O Qd6 9. Qc3 Nbd7 10. a4 b4 11. Qxc4 Ba6 12. Qh4 Bxe2 13. Re1 Bxf3 14. Bxf3
Rb8 15. d4 Nd5 16. Qg4 Kf8 17. Bd2 h6 18. Rac1 N7f6 19. Qh3 Kg8 20. Rc4 g5 21.
Rec1 Kg7 22. Rc6 Qd7 23. Ra6 c6 24. Raxc6 Rhc8 25. Rxc8 Rxc8 26. Qf1 Rxc1 27.
Qxc1 Qxa4 28. h4 Qb3 29. Bg2 Qd3 30. hxg5 hxg5 31. Bxg5 Qxd4 32. Bh6+ Kh7 33.
Qg5 Ng4 34. Be4+ f5 35. Qxg4 fxe4 36. Qxe6 Qd1+ 37. Kg2 Qf3+ 38. Kg1 Qd1+ 39.
Kg2 Qf3+ 40. Kg1 Qd1+ 41. Kg2 1/2-1/2

[Event "77 España ch 2012"]
[Site "Maspalomas ESP"]
[Date "2012.09.30"]
[Round "2.21"]
[White "Ladron De Guevara Pinto, Paolo"]
[Black "Camino Carrio, Nicanor"]
[Result "1-0"]
[WhiteElo "2378"]
[BlackElo "1994"]
[PlyCount "57"]
[EventDate "2012.09.29"]
[EventType "swiss"]
[EventRounds "9"]
[EventCountry "ESP"]
[Source "lmi"]
[SourceDate "2012.09.29"]

1. e4 c5 2. Nf3 d6 3. d4 cxd4 4. Nxd4 Nf6 5. Nc3 g6 6. Be3 Bg7 7. f3 Nc6 8. Qd2
O-O 9. Bc4 Bd7 10. h4 Rc8 11. Bb3 Ne5 12. O-O-O h5 13. Bg5 Rc5 14. Kb1 Re8 15.
g4 hxg4 16. h5 Nxh5 17. Nd5 Rxd5 18. Bxd5 Qb6 19. c3 e6 20. Bb3 Rc8 21. Bh6 Bf6
22. f4 Nf3 23. Nxf3 gxf3 24. e5 Be7 25. f5 exf5 26. Be3 Qc6 27. Bd5 Qa4 28.
Rdg1 Kh7 29. Qh2 1-0

[Event "77 España ch 2012"]
[Site "Maspalomas ESP"]
[Date "2012.09.30"]
[Round "2.22"]
[White "Arnaiz Yanes, Miguel Angel"]
[Black "Gutierrez Olivares, Daniel"]
[Result "0-1"]
[WhiteElo "2004"]
[BlackElo "2368"]
[PlyCount "80"]
[EventDate "2012.09.29"]
[EventType "swiss"]
[EventRounds "9"]
[EventCountry "ESP"]
[Source "lmi"]
[SourceDate "2012.09.29"]

1. d4 Nf6 2. Nf3 e6 3. Bg5 c5 4. c3 Be7 5. e3 b6 6. Bd3 Bb7 7. O-O h6 8. Bxf6
Bxf6 9. Nbd2 Nc6 10. Ne4 Be7 11. dxc5 bxc5 12. Bb5 Qc7 13. Qd3 O-O 14. Rfd1 d5
15. Ng3 Rfd8 16. Ba4 e5 17. e4 d4 18. Rac1 Rac8 19. Nf5 Bf8 20. cxd4 exd4 21.
Qe2 g6 22. N5h4 Qb6 23. Bxc6 Rxc6 24. Ne5 Re6 25. Nc4 Qa6 26. e5 Bg7 27. f4 g5
28. Qg4 Bd5 29. f5 Ree8 30. f6 Bxc4 31. Nf3 Be2 32. h4 Rxe5 33. fxg7 Rde8 34.
hxg5 Rxg5 35. Qd7 Rxg2+ 36. Kxg2 Bxf3+ 37. Kh3 Bc6 38. Qf5 Re3+ 39. Kh4 Bd7 40.
Qf1 Qf6+ 0-1

[Event "77 España ch 2012"]
[Site "Maspalomas ESP"]
[Date "2012.09.30"]
[Round "2.23"]
[White "Boutahar Belgasi, Tarik"]
[Black "Moreno Tejera, Emilio"]
[Result "0-1"]
[WhiteElo "1994"]
[BlackElo "2358"]
[PlyCount "86"]
[EventDate "2012.09.29"]
[EventType "swiss"]
[EventRounds "9"]
[EventCountry "ESP"]
[Source "lmi"]
[SourceDate "2012.09.29"]

1. Nf3 f5 2. g3 Nf6 3. d4 g6 4. Bg2 Bg7 5. O-O O-O 6. b4 Kh8 7. Bb2 c6 8. c4 d6
9. e3 Be6 10. Nbd2 Nbd7 11. Qc2 Bg8 12. a4 Qc7 13. Rac1 e5 14. c5 e4 15. cxd6
Qxd6 16. Ne5 Qxb4 17. Ndc4 Nxe5 18. dxe5 Ng4 19. Ba3 Qxc4 20. Bxf8 Bxf8 21.
Qxc4 Bxc4 22. Rxc4 Nxe5 23. Rc2 a5 24. f3 exf3 25. Bxf3 Re8 26. Kg2 Bh6 27. Rb1
Nd3 28. Re2 Nc5 29. Rc2 Nd3 30. Re2 Re7 31. e4 f4 32. Rd2 Nc5 33. Rd4 fxg3 34.
hxg3 Be3 35. Rc4 Na6 36. Re1 Bd2 37. Re2 Bb4 38. e5 Nc5 39. Rxc5 Bxc5 40. e6
Kg7 41. Bg4 Kf6 42. Re4 h5 43. Bh3 g5 0-1

[Event "77 España ch 2012"]
[Site "Maspalomas ESP"]
[Date "2012.09.30"]
[Round "2.24"]
[White "Fernandez Garcia, Jose Miguel"]
[Black "Garcia Garcia, Adrian Antonio"]
[Result "0-1"]
[WhiteElo "2356"]
[BlackElo "1978"]
[PlyCount "92"]
[EventDate "2012.09.29"]
[EventType "swiss"]
[EventRounds "9"]
[EventCountry "ESP"]
[Source "lmi"]
[SourceDate "2012.09.29"]

1. e4 e5 2. Nf3 d6 3. d4 exd4 4. Nxd4 Nf6 5. Nc3 a6 6. Be2 Be7 7. Bf4 O-O 8.
Qd2 Nc6 9. O-O-O Re8 10. f3 Nd7 11. Nf5 Bf6 12. Nd5 Nc5 13. g4 Be6 14. g5 Be5
15. Be3 Bxf5 16. exf5 Ne7 17. g6 hxg6 18. fxg6 Nxg6 19. f4 Bf6 20. f5 Ne5 21.
Rdf1 Ned7 22. Rhg1 Ne4 23. Qd1 Kf8 24. Bf3 c6 25. Nf4 d5 26. Bh1 Qa5 27. a3
Bxb2+ 28. Kxb2 Qc3+ 29. Ka2 Qxe3 30. Qh5 Nc3+ 31. Kb2 Na4+ 32. Ka2 Qc3 33. Ne6+
Rxe6 34. Qh8+ Ke7 35. Qh4+ Nf6 36. Qxa4 Re2 37. Kb1 b5 38. Qb4+ Qxb4+ 39. axb4
Rh8 40. Bf3 Re5 41. Rxg7 Rxh2 42. Bd1 Ne4 43. Kb2 Kf6 44. Rg8 Nd2 45. Rfg1 Nc4+
46. Kc3 Rd2 0-1

[Event "77 España ch 2012"]
[Site "Maspalomas ESP"]
[Date "2012.09.30"]
[Round "2.25"]
[White "Pazos Porta, Antonio"]
[Black "Perez Barreto, Adrian"]
[Result "1-0"]
[WhiteElo "2307"]
[BlackElo "1966"]
[PlyCount "81"]
[EventDate "2012.09.29"]
[EventType "swiss"]
[EventRounds "9"]
[EventCountry "ESP"]
[Source "lmi"]
[SourceDate "2012.09.29"]

1. e4 e6 2. d4 d5 3. Nc3 Bb4 4. exd5 Qxd5 5. Nge2 Nc6 6. Be3 Nge7 7. a3 Bxc3+
8. Nxc3 Qd8 9. Qd2 Nd5 10. O-O-O a6 11. Bg5 f6 12. Nxd5 exd5 13. Bf4 O-O 14. h4
b5 15. Qc3 Qd7 16. Qc5 Rb8 17. b4 Rf7 18. g3 Nd8 19. Bh3 f5 20. Bg2 Bb7 21. Be5
Ra8 22. Kb2 a5 23. Ra1 Ra6 24. Bf1 Bc6 25. Bd3 Ne6 26. Qc3 Qc8 27. Qd2 Ra7 28.
c3 Nf8 29. Qc2 Ng6 30. f4 Ne7 31. g4 Bd7 32. h5 Qb7 33. Rh2 Rf8 34. gxf5 Bxf5
35. Rg2 Rf7 36. Rag1 g6 37. hxg6 Bxg6 38. Bxg6 hxg6 39. Rxg6+ Nxg6 40. Qxg6+
Kf8 41. Bf6 1-0

[Event "77 España ch 2012"]
[Site "Maspalomas ESP"]
[Date "2012.09.30"]
[Round "2.26"]
[White "Tejedor Fuentes, Enrique"]
[Black "Galvan Sarmiento, Jose Luis"]
[Result "1-0"]
[WhiteElo "2287"]
[BlackElo "1938"]
[PlyCount "105"]
[EventDate "2012.09.29"]
[EventType "swiss"]
[EventRounds "9"]
[EventCountry "ESP"]
[Source "lmi"]
[SourceDate "2012.09.29"]

1. e4 e6 2. d4 d5 3. Nc3 Nf6 4. e5 Nfd7 5. f4 c5 6. Nf3 Nc6 7. Be3 Qb6 8. Na4
Qa5+ 9. c3 cxd4 10. b4 Qc7 11. Nxd4 Nxd4 12. Qxd4 Be7 13. Be2 O-O 14. O-O b6
15. Rfc1 Bb7 16. c4 Qd8 17. cxd5 Bxd5 18. Nc3 Bb7 19. Rd1 Nb8 20. Qc4 Qc8 21.
Qb3 Rd8 22. Rxd8+ Qxd8 23. Rd1 Qc8 24. Nb5 Na6 25. Nd6 Bxd6 26. exd6 Nb8 27.
Rc1 Qd8 28. Rc7 Bd5 29. Bc4 Na6 30. Bxd5 Nxc7 31. Bxa8 Nxa8 32. Qd3 f5 33. b5
Kf7 34. Kf2 Ke8 35. Qc4 Qxd6 36. Qc8+ Qd8 37. Qxe6+ Kf8 38. Qxf5+ Kg8 39. Qe6+
Kh8 40. g3 h6 41. h4 Nc7 42. Qc6 Nd5 43. Bd4 Kh7 44. h5 Ne7 45. Qe4+ Kh8 46.
Qe5 Qf8 47. g4 Qf7 48. Kg3 Nd5 49. g5 hxg5 50. fxg5 Ne7 51. Kg4 Kg8 52. h6 Ng6
53. Qxg7+ 1-0

[Event "77 España ch 2012"]
[Site "Maspalomas ESP"]
[Date "2012.09.30"]
[Round "2.27"]
[White "Moya Mallafre, Erik"]
[Black "De Prado Rodriguez, Oscar Brun"]
[Result "1/2-1/2"]
[WhiteElo "1988"]
[BlackElo "2283"]
[PlyCount "24"]
[EventDate "2012.09.29"]
[EventType "swiss"]
[EventRounds "9"]
[EventCountry "ESP"]
[Source "lmi"]
[SourceDate "2012.09.29"]

1. Nf3 f5 2. e4 fxe4 3. Ng5 Nc6 4. d3 exd3 5. Bxd3 e5 6. c4 Nf6 7. Nc3 Bb4 8.
a3 Bxc3+ 9. bxc3 d5 10. c5 d4 11. cxd4 h6 12. Nf3 e4 1/2-1/2

[Event "77 España ch 2012"]
[Site "Maspalomas ESP"]
[Date "2012.09.30"]
[Round "2.28"]
[White "Garcia Blanco, Omar"]
[Black "Alarcon Olmos, Daniel"]
[Result "1-0"]
[WhiteElo "2277"]
[BlackElo "1901"]
[PlyCount "54"]
[EventDate "2012.09.29"]
[EventType "swiss"]
[EventRounds "9"]
[EventCountry "ESP"]
[Source "lmi"]
[SourceDate "2012.09.29"]

1. e4 c5 2. c3 Nf6 3. e5 Nd5 4. Bc4 e6 5. d4 cxd4 6. Bxd5 exd5 7. Qxd4 Qe7 8.
Qxd5 Nc6 9. Nf3 f6 10. O-O fxe5 11. Re1 d6 12. Na3 Be6 13. Qd3 h6 14. b4 g5 15.
b5 Na5 16. Nd2 Qf7 17. c4 Be7 18. c5 O-O 19. Qg3 d5 20. Bb2 e4 21. Bd4 Rac8 22.
Rac1 b6 23. cxb6 Bxa3 24. Qxa3 axb6 25. Bxb6 Ra8 26. Rc7 Qf4 27. Qc3 Bd7 1-0

[Event "77 España ch 2012"]
[Site "Maspalomas ESP"]
[Date "2012.09.30"]
[Round "2.29"]
[White "De La Hoz Sanchez, Ruben"]
[Black "Suarez Garcia, Carlos"]
[Result "1/2-1/2"]
[WhiteElo "1973"]
[BlackElo "2274"]
[PlyCount "62"]
[EventDate "2012.09.29"]
[EventType "swiss"]
[EventRounds "9"]
[EventCountry "ESP"]
[Source "lmi"]
[SourceDate "2012.09.29"]

1. Nf3 d6 2. d4 Bg4 3. c4 Bxf3 4. exf3 g6 5. Bd2 Bg7 6. Bc3 Nd7 7. f4 e6 8. g3
Ne7 9. Bg2 d5 10. cxd5 exd5 11. Qb3 Nb6 12. O-O O-O 13. Nd2 Nf5 14. Nf3 c6 15.
Bh3 Nd6 16. Ne5 Re8 17. Rfe1 Qc7 18. Ba5 Re7 19. Bb4 Ree8 20. Rac1 Bf8 21. Ba5
Rad8 22. Bg2 Nf5 23. Red1 f6 24. Nf3 Nd6 25. Nd2 Ndc8 26. Ne4 Qf7 27. Nc5 Bg7
28. Na4 Qc7 29. Nc3 Qd7 30. Ne4 Qc7 31. Nc3 Qf7 1/2-1/2